Statistics for ABBA Songs Quiz

Click here to take the quiz!

General Stats

  • This quiz has been taken 377 times
    (182 since last reset)
  • The average score is 28 of 103

Answer Stats

AlbumSong% Correct
ABBAMamma Mia!
81%
ArrivalDancing Queen
79%
ArrivalFernando
79%
Super TrouperSuper Trouper
77%
ArrivalMoney, Money, Money
74%
WaterlooWaterloo
74%
Voulez-VousVoulez-Vous
67%
Super TrouperThe Winner Takes It All
65%
Super TrouperGimme! Gimme! Gimme!
(A Man After Midnight)
65%
Voulez-VousChiquitita
65%
Voulez-VousDoes Your Mother Know
56%
Ring RingRing Ring
53%
Super TrouperLay All Your Love on Me
53%
ABBASOS
53%
ABBA: The AlbumThank You for the Music
53%
ABBAI Do, I Do, I Do, I Do, I Do
51%
VoyageDon't Shut Me Down
51%
ABBA: The AlbumTake a Chance on Me
51%
VoyageI Still Have Faith in You
51%
ArrivalKnowing Me, Knowing Me
51%
ArrivalArrival
47%
The VisitorsOne of Us
44%
Voulez-VousI Have a Dream
44%
The VisitorsThe Visitors
44%
ABBA: The AlbumEagle
42%
ArrivalWhen I Kissed the Teacher
42%
The VisitorsSlipping Through
My Fingers
42%
Super TrouperHappy New Year
35%
ABBA: The AlbumThe Name of the Game
35%
WaterlooHoney, Honey
35%
The VisitorsUnder Attack
33%
Voulez-VousAngeleyes
30%
The VisitorsThe Day Before You Came
30%
Super TrouperOur Last Summer
30%
Voulez-VousSummer Night City
30%
The VisitorsWhen All Is
Said and Done
30%
ArrivalTiger
28%
The VisitorsHead over Heels
28%
VoyageBumblebee
26%
WaterlooHasta Mañana
26%
Super TrouperAndante, Andante
26%
Voulez-VousThe King Has
Lost His Crown
23%
Voulez-VousIf It Wasn't for the Nights
23%
Voulez-VousKisses of Fire
23%
VoyageLittle Things
23%
ABBARock Me
23%
The VisitorsSoldiers
21%
WaterlooKing Kong Song
21%
Ring RingNina, Pretty Ballerina
21%
Voulez-VousAs Good as New
19%
VoyageJust a Notion
19%
ABBABang-A-Boomerang
19%
ABBAI've Been Waiting for You
16%
ArrivalMy Love, My Life
16%
ABBA: The AlbumOne Man, One Woman
16%
Super TrouperThe Way Old Friends
16%
VoyageWhen You
Danced with Me
16%
VoyageKeep an Eye on Dan
16%
VoyageOde to Freedom
16%
Super TrouperOn and on and On
16%
ABBA: The AlbumHole in Your Soul
14%
VoyageI Can Be That Woman
14%
Ring RingPeople Need Love
14%
The VisitorsLike an Angel Passing
Through My Room
14%
ABBAHey, Hey Helen
14%
ABBASo Long
14%
Voulez-VousLovelight
14%
ArrivalWhy Did It Have to Be Me?
14%
ArrivalThat's Me
14%
ABBA: The AlbumI'm a Marionette
14%
Voulez-VousLovers (Live a Little Longer)
14%
Ring RingAnother Town,
Another Train
12%
ABBAIntermezzo No. 1
12%
WaterlooSuzy-Hang-Around
12%
ArrivalDum Dum, Knowing You
12%
The VisitorsTwo for the Price of One
12%
ABBA: The AlbumI Wonder (Departure)
12%
ABBATropical Loveland
12%
The VisitorsShould I Laugh or Cry
12%
Super TrouperMe and I
12%
Ring RingLove Isn't Easy (But It
Sure Is Hard Enough)
9%
Ring RingDisillusion
9%
Ring RingMe and Bobby and
Bobby's Brother
9%
WaterlooSitting in the Palmtree
9%
Ring RingHe Is Your Brother
9%
WaterlooDance (While the
Music Still Goes On)
9%
VoyageNo Doubt About It
9%
WaterlooWatch Out
9%
WaterlooWhat About Livingstone
9%
ABBA: The AlbumMove On
9%
Ring RingI Am Just a Girl
9%
Super TrouperElaine
9%
Ring RingI Saw It in the Mirror
7%
WaterlooMy Mama Said
7%
Super TrouperPut On Your
White Sombrero
7%
The VisitorsI Let the Music Speak
7%
ABBAMan in the Middle
7%
Super TrouperThe Piper
7%
WaterlooGonna Sing You
My Lovesong
5%
The VisitorsI Am the City
5%
The VisitorsYou Owe Me One
5%
Ring RingRock'n Roll Band
5%
Ring RingMerry-Go-Round
5%

Score Distribution

Percentile by Number Answered

Percent of People with Each Score

Your Score History

You have not taken this quiz since the last reset